Vrai ou Faux : Animaux - Mort subite - Statistiques

Statistiques générales
  • Ce quiz a été pris 3 580 fois
  • Le résultat moyen est 4 sur 15
Answers on the Grid
Answers color-coded by a green-red scale on the quiz's grid according to % correct below.
Les pandas géants sont des ours
Les araignées sont des insectes
Les requins sont des poissons
Les chiens rêvent
Le guépard est l'animal terrestre le plus rapide
Les autruches savent voler
Les taupes sont aveugles
Le cochon d'Inde est originaire d’Amérique
Les papillons ont des dents
L'ornithorynque est venimeux
Les tortues peuvent vivre plus de 100 ans
Il y a des lions sauvages en Chine
Le puma et le cougar sont la même espèce
Les loups sont fidèles en amour
Les hérissons hibernent
La baleine bleue est le plus grand animal vivant
Les oiseaux de transpirent pas
Les éléphants peuvent sauter
Les chats ont 9 vies
Les abeilles ont vécu avec les dinosaures
Les crabes pondent des œufs
Les grenouilles sont des reptiles
Les diables de Tasmanie ont des cornes
Certaines chauve-souris boivent du sang
 
Statistiques - réponses
Réponse % Correct
Le guépard est l'animal terrestre le plus rapide
67%
Le panda géant appartient à la famille des "ours" : les Ursidae.
Les pandas géants sont des ours
60%
Les requins sont des poissons
52%
Les chiens rêvent (de quoi, on cherche encore), tout comme les chats, les humaines et les autres mammifères ayant une structure cérébrale similaire.
Les chiens rêvent
51%
Les tortues ont des espérances de vies très longues : certaines tortues de mer peuvent vivre entre 80 et 150 ans !
Les tortues peuvent vivre plus de 100 ans
34%
Le cochon d'Inde est originaire d’Amérique
28%
La baleine bleue est le plus grand animal vivant
26%
Les hérissons hibernent
21%
Les crabes pondent des œufs
19%
L'ornithorynque est venimeux
19%
Les chauves-souris de la sous-famille Desmodontinae, surnommées Vampires, sont hématophages : elles se nourrissent du sang d'animaix.
Certaines chauve-souris boivent du sang
17%
Ce sont différents noms pour l'espère Puma concolor. Le puma et le cougar sont la même espèce
14%
Le loup s'accouple très généralement pour la vie, avec le même partenaire et lui reste fidèle. Les loups sont fidèles en amour
14%
Les abeilles seraient apparues au Crétacé (d'après les derniers fossiles retrouvés).
Les abeilles ont vécu avec les dinosaures
12%
Les oiseaux ne possèdent pas de glandes sudoripares. Ils évacuent la chaleur via leur système respiratoire en haletant.
Les oiseaux de transpirent pas
10%
Aucun quiz correspondant
Distribution des résultats
% des personnes avec chaque résultat
Percentile par nombre de réponses
Votre historique - résultats
Vous n’avez pas pris ce quiz